[Event "I Festival A"]
[Site "Forni di Sopra ITA"]
[Date "2011.06.18"]
[Round "9"]
[White "Borgo, Giulio"]
[Black "Papp, Gabor"]
[WhiteElo "2399"]
[BlackElo "2553"]
[Result "0-1"]
[PlyCount "140"]
[EventDate "2011.06.12"]

1. Nf3 Nf6 2. c4 e6 3. g3 d5 4. b3 c5 5. Bg2 Nc6 6. cxd5 exd5 7. O-O Be7 8. d4
O-O 9. Bb2 Bg4 10. dxc5 Bxc5 11. Nc3 a6 12. Rc1 Ba7 13. h3 Bh5 14. e3 Re8 15.
Ne2 Bg6 16. Nf4 Be4 17. Nd4 Ne5 18. Nde6 fxe6 19. Bxe5 Bxg2 20. Kxg2 Nd7 21.
Bb2 Nf8 22. Qg4 e5 23. Rfd1 d4 24. Nh5 Ne6 25. exd4 exd4 26. Kg1 Qe7 27. Rd3
Rad8 28. Re1 Qf7 29. Re4 Qg6 30. Qxg6 hxg6 31. Nf4 Nxf4 32. Rxf4 Re2 33. Ba3
Rxa2 34. Be7 Re8 35. Bd6 Rc2 36. Bb4 Bb6 37. h4 a5 38. Ba3 Rec8 39. Rff3 R2c3
40. Bb2 Rxd3 41. Rxd3 Rd8 42. Kf1 Kf7 43. Rf3+ Ke6 44. Ke2 Bc5 45. Kd3 b5 46.
Rf4 a4 47. Re4+ Kd5 48. b4 Rf8 49. f4 Bxb4 50. Rxd4+ Kc5 51. Rd7 Be1 52. Bd4+
Kb4 53. Bxg7 Rf5 54. g4 Rxf4 55. h5 gxh5 56. gxh5 Kb3 57. Rd4 Rf5 58. h6 Rh5
59. Re4 Bg3 60. Rg4 Rh3 61. Ke4 Be1 62. Rg1 Bd2 63. Rb1+ Kc4 64. Rd1 Bxh6 65.
Rd4+ Kb3 66. Bf6 b4 67. Rd1 Kc2 68. Ra1 a3 69. Kd5 Bc1 70. Be5 b3 0-1

[Event "I Festival A"]
[Site "Forni di Sopra ITA"]
[Date "2011.06.18"]
[Round "9"]
[White "Boscolo, Federico"]
[Black "Capaliku, Aleks"]
[WhiteElo "2233"]
[BlackElo "2071"]
[Result "1/2-1/2"]
[PlyCount "39"]
[EventDate "2011.06.12"]

1. e4 e5 2. Nf3 Nc6 3. Bb5 a6 4. Ba4 f5 5. d4 exd4 6. e5 Bc5 7. O-O Nge7 8. Bb3
d5 9. exd6 Qxd6 10. Re1 Bd7 11. Ng5 Rf8 12. Nd2 Na5 13. Nc4 Nxc4 14. Bxc4 Qg6
15. Be6 Rf6 16. Bxd7+ Kxd7 17. Nf3 Nc6 18. Be3 Re8 19. c3 Kc8 20. cxd4 1/2-1/2

[Event "I Festival A"]
[Site "Forni di Sopra ITA"]
[Date "2011.06.18"]
[Round "9"]
[White "Gaponenko, Inna"]
[Black "Codenotti, Marco"]
[WhiteElo "2455"]
[BlackElo "2284"]
[Result "1-0"]
[PlyCount "47"]
[EventDate "2011.06.12"]

1. e4 c5 2. Nc3 a6 3. Nf3 d6 4. d4 cxd4 5. Nxd4 Nf6 6. Be3 e6 7. Qd2 b5 8. f3
Nbd7 9. g4 Nb6 10. a4 Nc4 11. Bxc4 bxc4 12. a5 Bb7 13. Na4 d5 14. g5 Nd7 15.
O-O-O dxe4 16. fxe4 Bxe4 17. Rhe1 Be7 18. Bf4 Bb7 19. Rxe6 fxe6 20. Nxe6 Qc8
21. Nc7+ Kf7 22. Qe2 Re8 23. Qe6+ Kf8 24. Rxd7 1-0

[Event "I Festival A"]
[Site "Forni di Sopra ITA"]
[Date "2011.06.18"]
[Round "9"]
[White "Gutierrez Castillo, Paloma"]
[Black "Klinova, Masha"]
[WhiteElo "2090"]
[BlackElo "2315"]
[Result "0-1"]
[PlyCount "114"]
[EventDate "2011.06.12"]

1. e4 d6 2. d4 Nf6 3. Bd3 e5 4. c3 Be7 5. Nf3 Nbd7 6. O-O O-O 7. Nbd2 h6 8. Re1
Re8 9. Nf1 Bf8 10. Ng3 g6 11. h3 a6 12. a4 b6 13. Qb3 Bg7 14. Bc4 Qe7 15. Nh4
Nf8 16. f4 exd4 17. Bd2 Be6 18. f5 Bxc4 19. Qxc4 d5 20. exd5 Qc5 21. Qxd4 Qxd4+
22. cxd4 Nxd5 23. Nf3 Nd7 24. fxg6 fxg6 25. Ne4 g5 26. Ng3 Kh7 27. Nf5 Bf6 28.
g4 Kg6 29. b4 h5 30. Kg2 Rad8 31. Rac1 Nf8 32. Rxe8 Rxe8 33. Rc6 Re6 34. Rxe6
Nxe6 35. Ne5+ Bxe5 36. dxe5 Nef4+ 37. Kf3 Nxh3 38. Nd4 hxg4+ 39. Kxg4 Nhf4 40.
Nf3 Nd3 41. Bxg5 N3xb4 42. e6 Nc6 43. Nh4+ Kg7 44. Kf5 Kf8 45. Nf3 Ke8 46. Nh2
Nc3 47. Ng4 Nxa4 48. Nf6+ Ke7 49. Nd5+ Kd6 50. e7 Nxe7+ 51. Nxe7 Nc3 52. Bf6
Nd5 53. Nxd5 Kxd5 54. Bd8 b5 55. Bxc7 b4 56. Kf4 Kd4 57. Bb6+ Kd3 0-1

[Event "I Festival A"]
[Site "Forni di Sopra ITA"]
[Date "2011.06.18"]
[Round "9"]
[White "Jaracz, Barbara"]
[Black "Mlynek, Petr"]
[WhiteElo "2275"]
[BlackElo "2153"]
[Result "1-0"]
[PlyCount "63"]
[EventDate "2011.06.12"]

1. e4 c6 2. c4 d5 3. exd5 cxd5 4. cxd5 a6 5. Nc3 Nf6 6. Nf3 Nxd5 7. d4 Nc6 8.
Bc4 e6 9. O-O Be7 10. Re1 O-O 11. a3 b5 12. Bd3 Nxc3 13. bxc3 Bb7 14. Qc2 h6
15. Qe2 Qd5 16. Be4 Qh5 17. Bc2 Rfd8 18. Qd3 g6 19. Bf4 Bd6 20. Qe3 Na5 21. Nd2
Qg4 22. Bg3 Bxg3 23. hxg3 Qg5 24. f4 Qd5 25. Be4 Qd7 26. Bxb7 Qxb7 27. f5 gxf5
28. Qxh6 Qc7 29. Nf3 Nc4 30. Ng5 Ra7 31. Qh7+ Kf8 32. Rxe6 1-0

[Event "I Festival A"]
[Site "Forni di Sopra ITA"]
[Date "2011.06.18"]
[Round "9"]
[White "Leon Hoyos, Manuel"]
[Black "Matamoros Franco, Carlos S."]
[WhiteElo "2563"]
[BlackElo "2542"]
[Result "1/2-1/2"]
[PlyCount "124"]
[EventDate "2011.06.12"]

1. e4 c6 2. d4 d5 3. f3 dxe4 4. fxe4 e5 5. Nf3 Bg4 6. Bc4 Nd7 7. O-O Ngf6 8.
Bg5 Bd6 9. c3 O-O 10. Nbd2 b5 11. Be2 Qb6 12. Be3 Rae8 13. Nh4 Be6 14. Kh1 exd4
15. Bxd4 Qc7 16. h3 Bf4 17. Bd3 c5 18. Bg1 Rd8 19. Qe2 a6 20. Rad1 Rfe8 21. Bc2
g6 22. Be3 Nh5 23. Bxf4 Nxf4 24. Qe3 Nh5 25. Kg1 Qg3 26. Qxg3 Nxg3 27. Rfe1
Bxa2 28. Kf2 Nh5 29. Ra1 Be6 30. Nhf3 Nb8 31. e5 Bd5 32. Ne4 Bxe4 33. Bxe4 Nf4
34. Red1 Kf8 35. g3 Ne6 36. h4 c4 37. Ke3 Nc5 38. Rxd8 Rxd8 39. Bc2 Nc6 40. h5
Kg7 41. g4 Re8 42. Kf4 h6 43. Re1 g5+ 44. Kg3 Nd3 45. Bxd3 cxd3 46. Kf2 d2 47.
Rd1 Nxe5 48. Nxe5 Rxe5 49. Rxd2 Re4 50. Kf3 Rf4+ 51. Kg3 b4 52. Rd6 a5 53. Ra6
bxc3 54. Rxa5 cxb2 55. Rb5 f5 56. gxf5 Rh4 57. Rxb2 Rxh5 58. Rb6 Rh4 59. Ra6
Kf7 60. Rg6 Ke7 61. Kf3 Rf4+ 62. Kg3 Rxf5 1/2-1/2

[Event "I Festival A"]
[Site "Forni di Sopra ITA"]
[Date "2011.06.18"]
[Round "9"]
[White "Nikolova, Adriana"]
[Black "Altini, Nicola"]
[WhiteElo "2333"]
[BlackElo "2206"]
[Result "0-1"]
[PlyCount "112"]
[EventDate "2011.06.12"]

1. e4 c5 2. Nf3 g6 3. c3 Bg7 4. d4 cxd4 5. cxd4 d5 6. e5 Bg4 7. Qb3 Nc6 8. Qxb7
Rc8 9. Bb5 Bd7 10. Bxc6 Bxc6 11. Qxa7 Bb5 12. Na3 Rc7 13. Qxc7 Qxc7 14. Nxb5
Qc4 15. a4 Nh6 16. Bg5 O-O 17. Bxe7 Ra8 18. Nd2 Qc2 19. Ke2 Qf5 20. Rhe1 Ng4
21. f3 Nxe5 22. dxe5 Bxe5 23. Nc3 Re8 24. Nxd5 Bxb2 25. Ne3 Rxe7 26. Rab1 Qc2
27. Rxb2 Qxb2 28. f4 Qd4 29. Ndf1 Qxf4 30. a5 Qa4 31. Nd2 Qxa5 32. Ndc4 Qa2+
33. Kd3 Qb3+ 34. Kd4 Rd7+ 35. Nd5 Rxd5+ 36. Kxd5 Qb7+ 37. Kd4 Qxg2 38. Re8+ Kg7
39. h4 Qf2+ 40. Ne3 Qxh4+ 41. Kd3 Qa4 42. Re4 Qb5+ 43. Kd2 h5 44. Rf4 Qg5 45.
Rf3 h4 46. Ke2 Qh5 47. Ng2 h3 48. Nf4 Qe5+ 49. Kf2 h2 50. Kg2 Qe4 51. Kxh2 Qxf3
52. Ng2 g5 53. Ne1 Qf2+ 54. Ng2 g4 55. Kh1 g3 56. Nf4 Qh2# 0-1

[Event "I Festival A"]
[Site "Forni di Sopra ITA"]
[Date "2011.06.18"]
[Round "9"]
[White "Okhotnik, Vladimir"]
[Black "Brunello, Marina"]
[WhiteElo "2486"]
[BlackElo "2177"]
[Result "1-0"]
[PlyCount "67"]
[EventDate "2011.06.12"]

1. c4 Nf6 2. Nc3 e6 3. e4 d5 4. exd5 exd5 5. d4 Be7 6. cxd5 Nxd5 7. Bd3 c6 8.
Nf3 Nd7 9. Nxd5 cxd5 10. Qb3 O-O 11. Qxd5 Bb4+ 12. Kf1 Qb6 13. a3 Bd6 14. Qb5
Qc7 15. Bg5 Nb6 16. Rc1 Qb8 17. Be3 Bf4 18. Qh5 h6 19. g3 Bxe3 20. fxe3 Qd6 21.
Kg2 Qe6 22. e4 Qb3 23. Qb5 Qe6 24. h3 Bd7 25. Qa5 Na4 26. d5 Qe8 27. Qd2 Bb5
28. Bb1 b6 29. e5 f5 30. b4 Rc8 31. e6 Qe7 32. d6 Qxe6 33. Ba2 Bc4 34. d7 1-0

[Event "I Festival A"]
[Site "Forni di Sopra ITA"]
[Date "2011.06.18"]
[Round "9"]
[White "Piscopo, Pierluigi"]
[Black "Makropoulou, Marina"]
[WhiteElo "2417"]
[BlackElo "2282"]
[Result "1-0"]
[PlyCount "57"]
[EventDate "2011.06.12"]

1. e4 e5 2. Nf3 Nc6 3. Bc4 Bc5 4. d3 d6 5. Ng5 Nh6 6. a4 Qf6 7. O-O Bg4 8. Qd2
Nd4 9. Nc3 c6 10. Kh1 a5 11. f3 O-O 12. Ne2 Ne6 13. Ng3 Nf4 14. Nxf7 Nxf7 15.
fxg4 Rad8 16. Qd1 d5 17. Bb3 Qg6 18. Nf5 Kh8 19. exd5 Nxd5 20. Bd2 b6 21. Qe2
Nf4 22. Bxf4 exf4 23. Rxf4 Qf6 24. Raf1 Rfe8 25. Re4 Rxe4 26. Qxe4 Ng5 27. Qe2
h6 28. c3 Bd6 29. Nh4 1-0

[Event "I Festival A"]
[Site "Forni di Sopra ITA"]
[Date "2011.06.18"]
[Round "9"]
[White "Schmitz, Andreas Arnold"]
[Black "Barletta, Mauro"]
[WhiteElo "2052"]
[BlackElo "2265"]
[Result "1-0"]
[PlyCount "71"]
[EventDate "2011.06.12"]

1. e4 d5 2. exd5 Qxd5 3. Nc3 Qa5 4. Bc4 Nf6 5. Nf3 Nc6 6. h3 Bf5 7. O-O e6 8.
Bb5 Bb4 9. Nd4 Bxc3 10. dxc3 O-O-O 11. Nxc6 bxc6 12. Bd3 Qd5 13. Be3 Bxd3 14.
cxd3 Qxd3 15. Qa4 Qb5 16. Qxa7 Nd5 17. a4 Qb7 18. Qc5 Nxe3 19. Qxe3 Qa6 20. b4
Rd6 21. Qg5 Rg8 22. Qh5 f5 23. Qxh7 Rdd8 24. Qg6 Qc4 25. a5 Kb7 26. a6+ Kb6 27.
Ra5 f4 28. Qg4 Rgf8 29. Qf3 Rd3 30. Rc5 Qd5 31. Qe2 Qd6 32. f3 Rd2 33. Qc4 Rf6
34. Rg5 Qd3 35. Qc5+ Kxa6 36. Qxc6+ 1-0

[Event "I Festival A"]
[Site "Forni di Sopra ITA"]
[Date "2011.06.18"]
[Round "9"]
[White "Smith, Bryan G."]
[Black "Vojta, Tomas"]
[WhiteElo "2481"]
[BlackElo "2360"]
[Result "1-0"]
[PlyCount "83"]
[EventDate "2011.06.12"]

1. e4 d5 2. exd5 Nf6 3. Nf3 Qxd5 4. d4 Bg4 5. Be2 Nc6 6. c4 Qf5 7. h3 Bxf3 8.
Bxf3 O-O-O 9. Bxc6 Qe6+ 10. Qe2 Qxc6 11. O-O Rxd4 12. Na3 a6 13. Be3 Rd8 14. b4
Qa4 15. Qb2 e6 16. Nc2 Be7 17. Rfc1 Rd3 18. Rab1 Rhd8 19. b5 Ba3 20. Nxa3 Rxa3
21. b6 Rxa2 22. Qe5 Qc6 23. bxc7 Rd7 24. Bf4 Ne8 25. Qe3 Nxc7 26. Rb6 Qa4 27.
Qe4 Na8 28. Qe5 Nc7 29. Qe4 Na8 30. Qe5 Nc7 31. Rcb1 Qc2 32. Bg3 f6 33. Qc5 Qe4
34. Qf8+ Rd8 35. Qxg7 e5 36. Qxf6 Re2 37. Kh2 Re8 38. Rxb7 Rd2 39. Rb8+ Kd7 40.
Rxe8 Nxe8 41. Qf7+ Kd6 42. Qxe8 1-0

[Event "I Festival A"]
[Site "Forni di Sopra ITA"]
[Date "2011.06.18"]
[Round "9"]
[White "Varini, Massimo"]
[Black "Tonon, Alessandro"]
[WhiteElo "2084"]
[BlackElo "2242"]
[Result "0-1"]
[PlyCount "106"]
[EventDate "2011.06.12"]

1. d4 Nf6 2. c4 e6 3. Nc3 Bb4 4. e3 c5 5. Bd3 Nc6 6. Nge2 cxd4 7. exd4 d5 8.
O-O O-O 9. Bg5 Be7 10. a3 b6 11. Bxf6 Bxf6 12. cxd5 exd5 13. Qa4 Qd6 14. Rac1
Bd7 15. Nb5 Ne7 16. Bxh7+ Kh8 17. Bb1 g6 18. Nxd6 Bxa4 19. Rc7 Kg7 20. Ba2 Rfd8
21. Nb7 Rdc8 22. Rfc1 Bc6 23. Rxc8 Rxc8 24. Nd6 Rd8 25. Rxc6 Nxc6 26. Nb5 a6
27. Nbc3 Nxd4 28. Nf4 Nc6 29. Nfxd5 Bxc3 30. bxc3 Ne7 31. c4 Nxd5 32. cxd5 Rc8
33. g3 Rc3 34. d6 Rxa3 35. Bc4 Ra1+ 36. Kg2 b5 37. Bb3 Kf8 38. d7 Ke7 39. Bxf7
Rd1 40. Bxg6 a5 41. Be8 b4 42. h4 b3 43. h5 b2 44. Bg6 b1=Q 45. d8=Q+ Kxd8 46.
Bxb1 Rxb1 47. g4 Ke8 48. Kg3 a4 49. f4 a3 50. h6 a2 51. g5 a1=Q 52. Kg4 Rg1+
53. Kf5 Kf7 0-1